Current Serie A teams-Sudden Death - Statistics

General Stats
  • This quiz has been taken 36 times
  • The average score is 13 of 20
Answers on the Grid
Answers color-coded by a green-red scale on the quiz's grid according to % correct below.
Napoli
AS Roma
Inter Milan
AC Milan
Bologna
Juventus
Como
Lazio
Udinese
Cremonese
Atalanta
Sassuolo
Torino
Cagliari
Lecce
Parma
Pisa
Genoa
Hellas Verona
Fiorentina
Salernitana
Monza
Frosinone
Venezia
Palermo
Modena
Cesena
Empoli
Pescara
Spezia
Sampdoria
Celta Vigo
US Catanzaro
Bari
Südtirol
AC Ajaccio
Monaco
SPAL
Brescia
Ascoli
 
Answer Stats
Answer % Correct
AS Roma
87%
Juventus
87%
Bologna
84%
Inter Milan
84%
AC Milan
81%
Napoli
81%
Atalanta
77%
Lazio
77%
Fiorentina
74%
Torino
71%
Como
68%
Udinese
68%
Cagliari
65%
Sassuolo
55%
Genoa
52%
Parma
52%
Hellas Verona
48%
Cremonese
42%
Lecce
42%
Pisa
42%
No matching quizzes found
Score Distribution
Percent of People with Each Score
Percentile by Number Answered
Your Score History
You have not taken this quiz